000 00849nam a22002655 4500
001 BK0013446280
005 20241220133623.0
008 191101s2013 xx 000 0 eng d
020 _a9781608615698 : PAP
_c15.99
020 _a1608615693 : PAP
_c15.99
037 _bCovenant Communications Inc, 1226 S 630 E Suite #4, American Fork, UT, USA, 84003, (801)7561041
_nSAN 169-8540
040 _erda
050 _aPS
082 _a813
092 _a813.0000
100 _aEden, Sarah M.
_95720108
245 0 0 _aDrops of Gold / (Jonquil Brothers Book 2)
264 1 _bCovenant Communications Inc
_c2013
_aAmerican Fork, Utah :
300 _a191 p. ;
336 _atext
337 _aunmediated
338 _avolume
440 _aJonquil Brothers :
_v Book 2.
_96369006
942 0 0 _2ddc
_cBOOK
999 _c89103
_d89103